000 00241nam a2200097Ia 4500
001 641890
005 20250826153516.0
008 250824s9999 xx 000 0 und d
245 0 _aOĞLUM NERDESİN
_cAYTÜL AKAL
260 _bUÇANBALIK YAYINLARI
999 _c641890
_d641890